000 00842nam a22002057a 4500
999 _c11079
_d11079
003 AR-CdUCM
008 190402b ||||| |||| 00| 0 spa d
040 _aMUNICIPALIDAD PROVINCIAL DEL CUSCO
_cBIBLIOTECA MUNICIPAL DEL CUSCO
082 _23ed.
_a650 /
_bF39 /1949
100 _aFernandez Casas, Juan
_928215
245 _aContabilidad aplicada /
260 _aBarcelona :
_bImprenta claraso,
_c1949.
300 _a467 paginas ;
_bCuadros, formulas,
_c21 cm.
505 _aContenido : Concepto de contabilidad -- Contabilidad aplicada --Contabilidad de un propietario individual -- Los gastos particulares -- Empresas de tipo colectivo o pluripersonales...
650 _aContabilidad de sociedades
_928216
650 _aTributación de sociedades
_928217
650 _aEmpresas individuales
_928218
942 _2ddc
_cLIBROS
945 _awnts